01042cam a22002171 4500001001300000003000400013005001700017008004100034010001700075035002000092040002900112042001200141050001600153100002900169245026200198260004200460300009000502505017700592610003800769999001700807f 01003640 DLC20260227111247.0860630s1869 be 000 0 fre  af 01003640  a(OCoLC)13801177 aDLCcMdBJ-WdMdBJ-WdDLC apremarc00aLF4015b.L41 aLe Roy, Alphonse,d1822-10aLiber memorialis.bL'Université de Liége depuis sa fondation,cpar Alphonse Le Roy ... Ouvrage rédigé et publié en vertu d'une décision du conseil académique, à l'occasion du premier jubilé semi-séculaire de l'Université (3 nov. 1867). aLiége,bImpr. J.G. Carmanne,c1869. a2 p.l., 80, lxxix p., 1180 col., cxliv p.bfront., illus., double pl., plans.c27 cm.0 aI. ptie. Les fêtes du 3 novembre 1867.--2. ptie. La famille universitaire. I. Les professeurs et leur auxiliaires.--3. ptie. La famille universitiare. II. Les élèves.20aUniversité de LiègexHistory. c23134d23134